Security Key establishment & mutual authentication in wireless private area networks-skema (Record no. 188905)
[ view plain ]
| 000 -LEADER | |
|---|---|
| fixed length control field | 00664 a2200181 4500 |
| 003 - CONTROL NUMBER IDENTIFIER | |
| control field | Nust |
| 005 - DATE AND TIME OF LATEST TRANSACTION | |
| control field | 20170207153552.0 |
| 040 ## - CATALOGING SOURCE | |
| Transcribing agency | Nust |
| 082 ## - DEWEY DECIMAL CLASSIFICATION NUMBER | |
| Classification number | 005.8 |
| 100 ## - MAIN ENTRY--PERSONAL NAME | |
| Personal name | Aman, Waqas (MSIS-7) |
| 245 ## - TITLE STATEMENT | |
| Title | Security Key establishment & mutual authentication in wireless private area networks-skema |
| Statement of responsibility, etc. | Waqas Aman |
| 260 ## - PUBLICATION, DISTRIBUTION, ETC. | |
| Name of publisher, distributor, etc. | MCS (NUST) |
| Date of publication, distribution, etc. | January,2011 |
| Place of publication, distribution, etc. | Rawalpindi |
| 300 ## - PHYSICAL DESCRIPTION | |
| Extent | ix, 49, p.; |
| 505 ## - FORMATTED CONTENTS NOTE | |
| Formatted contents note | Introduction (page-1) Literature review (page-4) Skema architecture (page-22) Skema implementation (page-29) Evaluation of skema (page-36) Conclusion and future work (page-44) |
| 538 ## - SYSTEM DETAILS NOTE | |
| System details note | Almirah No.70 Shelf No.4 |
| 650 ## - SUBJECT ADDED ENTRY--TOPICAL TERM | |
| Topical term or geographic name entry element | PG Thesis |
| 651 ## - SUBJECT ADDED ENTRY--GEOGRAPHIC NAME | |
| Geographic name | MSIS-7 |
| 942 ## - ADDED ENTRY ELEMENTS (KOHA) | |
| Koha item type | |
| Withdrawn status | Lost status | Source of classification or shelving scheme | Damaged status | Not for loan | Collection code | Permanent Location | Current Location | Date acquired | Total Checkouts | Full call number | Barcode | Date last seen | Price effective from | Koha item type |
|---|---|---|---|---|---|---|---|---|---|---|---|---|---|---|
| Military College of Signals (MCS) | Military College of Signals (MCS) | 12/12/2016 | 005.8 AMA | MCSTIS-153 | 12/08/2016 | 12/12/2016 | Book |
